| 000 | 00000nam##2200000za#4500 |
| 001 | 9.569446 |
| 003 | CaOODSP |
| 005 | 20210624181755 |
| 007 | cr ||||||||||| |
| 008 | 150406|1997||||xxc|||||o f|0| 0 eng|d |
| 040 | |aCaOODSP|beng |
| 043 | |an-cn--- |
| 086 | 1 |aNH18-1/170-1997E-PDF |
| 110 | 2 |aCanada Mortgage and Housing Corporation. |
| 245 | 10|aCost-effective housing : |h[electronic resource]|ba comparison of non-profit and market housing. Phase II final report / |csubmitted by Canadian Housing and Renewal Association and Ekos Research Associates ; David M. Black, author and principal investigator. |
| 260 | |aOttawa - Ontario : |bCanada Mortgage and Housing Corporation |c1997. |
| 300 | |a122p.|bgraphs, references, tables |
| 490 | 1 |aResearch report |
| 546 | |a(Résumé en français.) |
| 590 | |a11-06-Supp|b2011-04-14 |
| 720 | 1 |aBlack, David M. |
| 830 | #0|aResearch report (Canada Mortgage and Housing Corporation : Online)|w(CaOODSP)9.506068 |
| 856 | 40|ahttp://publications.gc.ca|qPDF|s1.14 MB|uhttps://publications.gc.ca/collections/collection_2011/schl-cmhc/nh18-1/NH18-1-170-1997-eng.pdf |